书目信息 |
| 题名: |
涂层钛电极
|
|
| 作者: | 张招贤 , 黄东 编著 | |
| 分册: | ||
| 出版信息: | 北京 冶金工业出版社 2014 |
|
| 页数: | 460页 | |
| 开本: | 21cm | |
| 丛书名: | ||
| 单 册: | ||
| 中图分类: | O646.2 , O646.5 | |
| 科图分类: | ||
| 主题词: | 钛--tai--金属电极--电化学反应 | |
| 电子资源: | ||
| ISBN: | 978-7-5024-6181-2 | |
| 000 | 00983cam0 2200277 45 | |
| 001 | 012001001155 | |
| 005 | 20140107144324.0 | |
| 010 | @a978-7-5024-6181-2@dCNY60.00 | |
| 099 | @aCAL 012014083465 | |
| 100 | @a20140626d2014 em y0chiy50 ea | |
| 101 | 0 | @achi |
| 102 | @aCN@b110000 | |
| 105 | @aa a 000yy | |
| 106 | @ar | |
| 200 | 1 | @a涂层钛电极@Atu ceng tai dian ji@f张招贤, 黄东编著 |
| 210 | @a北京@c冶金工业出版社@d2014 | |
| 215 | @a460页@c图@d21cm | |
| 320 | @a有书目 | |
| 330 | @a本书内容主要包括:钛电极发展历史;钛电极制造工艺;钛电极的分类;钛电极测试方法;废旧钛电极的修复;钛电极在化工、冶金、金属箔材生产、电镀、废水处理、电解水及水处理、阴极保护、电渗析以及蓄电池生产、印刷业用PS板、电磁推进器等领域的应用。 | |
| 606 | 0 | @a钛@Atai@x金属电极@x电化学反应 |
| 690 | @aO646.2@v5 | |
| 690 | @aO646.5@v5 | |
| 701 | 0 | @a张招贤@Azhang zhao xian@4编著 |
| 701 | 0 | @a黄东@Ahuang dong@4编著 |
| 801 | 0 | @aCN@b北京卓展@c20191020 |
| 905 | @b1201522-3@dO646.2@e42@f2 | |
| 涂层钛电极/张招贤, 黄东编著.-北京:冶金工业出版社,2014 |
| 460页:图;21cm |
| ISBN 978-7-5024-6181-2:CNY60.00 |
| 本书内容主要包括:钛电极发展历史;钛电极制造工艺;钛电极的分类;钛电极测试方法;废旧钛电极的修复;钛电极在化工、冶金、金属箔材生产、电镀、废水处理、电解水及水处理、阴极保护、电渗析以及蓄电池生产、印刷业用PS板、电磁推进器等领域的应用。 |
| ● |
| 相关链接 |
|
|
|
|
正题名:涂层钛电极
索取号:O646.2/42
 
预约/预借
| 序号 | 登录号 | 条形码 | 馆藏地/架位号 | 状态 | 备注 |
| 1 | 1201522 | 212015228 | 第二样本阅览室/ [索取号:O646.2/42] | 在馆 | |
| 2 | 1201523 | 212015237 | 第三借阅区/ [索取号:O646.2/42] | 在馆 |